000
00325nam a22001217a 4500
008
190314b xxu||||| |||| 00| 0 eng d
041
_a
eng
080
_a
043.3
100
_a
0
101
_a
SHJ-BA
245
_a
Kriminaliteti i të miturve në rajonin e Prishtinës gjatë periudhës 2013-2016
_c
Beselica,M
942
_2
udc
_c
BK
999
_c
54792
_d
54792